Catálogo
 En Linea

Magloire Saint-Aude : (Registro nro. 17890)

Detalles MARC
000 -CABECERA
campo de control de longitud fija 00649cam a2200205 a 4500
001 - NÚMERO DE CONTROL
campo de control 000018369
005 - FECHA Y HORA DE LA ÚLTIMA TRANSACCIÓN
campo de control 20200929165458.0
008 - DATOS DE LONGITUD FIJA--INFORMACIÓN GENERAL
campo de control de longitud fija 821124s1982 ht 000 0 fre d
040 ## - FUENTE DE LA CATALOGACIÓN
Centro catalogador/agencia de origen DO-SdBNP
Lengua de catalogación fre
Centro/agencia transcriptor LC
Centro/agencia modificador BNPHU
050 00 - SIGNATURA TOPOGRÁFICA DE LA BIBLIOTECA DEL CONGRESO
Número de clasificación MLCS 84/01348 (P)
082 ## - NÚMERO DE LA CLASIFICACIÓN DECIMAL DEWEY
Número de clasificación nn*
Número de documento/Ítem C475m
049 ## - FONDOS LOCALES (OCLC)
Fondos de biblioteca BNGR
100 1# - ENTRADA PRINCIPAL--NOMBRE DE PERSONA
Nombre de persona Charles, Christophe,
Fechas asociadas al nombre 1951-
9 (RLIN) 39778
245 10 - MENCIÓN DE TÍTULO
Título Magloire Saint-Aude :
Resto del título griot et surrealiste (essai critique) /
Mención de responsabilidad, etc. Christophe Charles.
260 ## - PUBLICACIÓN, DISTRIBUCIÓN, ETC.
Lugar de publicación, distribución, etc. Port-au-Prince, Haiti :
Nombre del editor, distribuidor, etc. Choucoune,
Fecha de publicación, distribución, etc. 1982.
300 ## - DESCRIPCIÓN FÍSICA
Extensión 114 p. ;
Dimensiones 18 cm.
490 1# - MENCIÓN DE SERIE
Mención de serie Essai/Choucoune,
Designación de volumen o secuencia 4
830 #0 - PUNTO DE ACCESO ADICIONAL DE SERIE-TÍTULO UNIFORME
Título uniforme Essai/Choucoune ;
Designación de volumen o secuencia 4
9 (RLIN) 39779
910 ## - DATOS DE OPCIÓN DEL USUARIO (OCLC)
Datos de opción del usuario Catalogación derivada / LC
Existencias
Estado de retiro Estado de pérdida Restricciones de uso No para préstamo Código de colección Localización permanente Ubicación/localización actual Ubicación en estantería Fecha de adquisición Número de inventario Total de préstamos Signatura topográfica completa Código de barras Fecha visto por última vez Precio válido a partir de Tipo de ítem Koha
        Monografías: Libros y Folletos General General En catalogación 30.04.2010 LF1   nn* C475m 18369-10 25.06.2020 25.06.2020 Préstamo en sala

Con tecnología Koha